000 00346nam a22001337a 4500
020 _qHB.
040 _cFIZZA ISHAQ
082 _a330.973
_bJEF
100 _aSACHS,D.JEFFREY.
_9133711
245 _aTHE PRICE OF CIVILIZATION /
_cJEFFREY D.SACHS.
260 _aNEW YORK ;
_bRANDOM HOUSE,
_c2011.
300 _a324 P. ;
_c9.9X6.4IN
942 _2ddc
_cBK
999 _c616675
_d616675